Obras de San Buenaventura (en edición bilingüe)

Αποθηκεύτηκε σε:
Λεπτομέρειες βιβλιογραφικής εγγραφής
Κύριος συγγραφέας: Buenaventura, San
Μορφή: Βιβλίο
Γλώσσα:Undetermined
Έκδοση: Madrid, España Editorial Católica 1947
Θέματα:
Ετικέτες: Προσθήκη ετικέτας
Δεν υπάρχουν, Καταχωρήστε ετικέτα πρώτοι!

MARC

LEADER 00000nam a2200000Ia 4500
008 170316s9999 xx 000 0 und d
090 |a 230 S-4o v.3 
100 |a Buenaventura, San 
245 |a Obras de San Buenaventura (en edición bilingüe) 
260 |a Madrid, España 
260 |b Editorial Católica 
260 |c 1947 
300 |a 798 páginas Tomo 3 
650 |a TEOLOGÍA 
650 |a EDICIÓN BILINGÜE : EN IDIOMA LATÍN Y ESPAÑOL 
999 |c 18078  |d 18078 
040 |a cru BVZT 
942 |c 15 D  |h 230 S-4o v.3  |2 z